| 000 | 02295nam a22003017a 4500 | ||
|---|---|---|---|
| 001 | 8717 | ||
| 003 | FISKH | ||
| 005 | 20251014082045.0 | ||
| 008 | 251014b cb ||||| |||| 00| 0 eng d | ||
| 020 | _a9789996346453 | ||
| 040 |
_aFISKH _bkhr _cFISKH _dFISKH |
||
| 050 | _aPZ7 | ||
| 082 | _a800 | ||
| 100 | _aChakriya, Vat | ||
| 245 |
_aខ្លាចាញ់ប្រាជ្ញាគីង្គក់ និងខ្យង : _bThe tiger cheated by the toad and the tortoise / _cរៀបរៀងដោយ អ្នកនាង វ៉ាត ចរិយា , កែសម្រួលដោយ អ្នកស្រី គឹមស៊ុន សុធារី |
||
| 260 |
_aPhnom Penh : _bReading Books , _c2015. |
||
| 300 |
_a24 pages : _bcolor illustrations ; _c25 cm . |
||
| 505 | _aL | ||
| 520 | _aអត្ថបទនេះត្រូវបានសរសេរឡើងក្នុងគោលបំណងបង្ហាត់កុមារឲ្យយល់ថា មនុស្សមានទេពកោសល្យខុសៗគ្នា ជីវិតនិងរបររស់នៅរបស់គ្នាក៏ខុសគ្នាផងដែរ។ ដូច្នេះ យើងគួរតែរស់នៅដោយមានការពេញចិត្តនឹងស្ថានភាព និងលក្ខខណ្ឌរបស់ខ្លួន មិនគួរបង្អាប់អ្នកក្រីក្រ ឬអ្នកមានកម្លាំងទាបជាងខ្លួនឡើយ ហើយក៏មិនគួរសុំនឹងមនុស្សដែលល្អជាងខ្លួនដែរ។ | ||
| 520 | _aThis story is written in an attempt to tell kids that people have got various talent, their lifestyle and livelihood are also different . So, we need to live comfortably with our situation and conditions, not pouring scorn on paupers or weaker people or feeling envious with anyone who is better than us. | ||
| 521 | 8 |
_a530
_bLexile estimate |
|
| 521 | 8 |
_aL
_bRaz-Plus |
|
| 650 |
_aសត្វខ្លា _vរឿងនិទានកុមារ |
||
| 650 |
_aTiger _vChildren's Stories |
||
| 700 |
_aChinith, Chou _eIllustrator |
||
| 942 |
_2ddc _cKHB _n0 |
||
| 999 |
_c8717 _d8717 |
||